Guess the Taylor Swift Song by the Lyrics #7 - Statistics

General Stats
  • This quiz has been taken 33 times
  • The average score is 323 of 439
Answer Stats
LYRICS % Correct
I
100%
(I
100%
a
96%
in
96%
the
96%
We
96%
we
96%
go
93%
He
93%
my
93%
to
93%
you
93%
You
93%
you)
93%
(You)
93%
you;
93%
be
89%
can
89%
I'm
89%
like
89%
Like
89%
love
89%
me
89%
when
89%
where
89%
But
85%
is
85%
is"
85%
mine
85%
on
85%
They
85%
your
85%
all
81%
And
81%
and
81%
are
81%
don't
81%
heart
81%
"Home
81%
Home
81%
know
81%
not
81%
as
78%
boy
78%
Boy
78%
say
78%
that's
78%
then
78%
have
74%
just
74%
Just
74%
London
74%
of
74%
our
74%
with
74%
him
70%
his
70%
now
70%
up
70%
American
67%
back
67%
God
67%
I'd—)
67%
lives
67%
So
67%
best
63%
English
63%
fancy
63%
high
63%
likes
63%
(Oh
63%
oh
63%
(Oh)
63%
saw
63%
smile
63%
Took
63%
V
63%
accent
59%
afternoon
59%
Darling
59%
Doesn't
59%
enjoy
59%
eyes
59%
good
59%
heard
59%
meet
59%
much
59%
somethin'
59%
time
59%
true
59%
walkin'
59%
wanna
59%
Wanna
59%
(Wanna
59%
blue
56%
child
56%
first
56%
friends
56%
from
56%
happened
56%
laughin'
56%
mates
56%
rumors
56%
Show
56%
show
56%
Street
56%
dimples
52%
faded
52%
guess
52%
Highgate
52%
hometown
52%
jeans
52%
nights
52%
ride
52%
scooter
52%
(Yeah)
52%
End
48%
find
48%
gray
48%
Louis
48%
McCartney
48%
met
48%
queen
48%
school
48%
sky
48%
SoCal
48%
Springsteen
48%
Stella
48%
tea
48%
Tennessee
48%
West
48%
whiskey
48%
Brixton
44%
cab
44%
Camden
44%
Market
44%
Motown
44%
(Ooh)
44%
ooh)
44%
pub
44%
rugby
44%
Stick
44%
stories
44%
threaten
44%
Uni'
44%
watchin'
44%
drivin'
41%
please
41%
rainy
41%
Soho
41%
Babes
37%
Bond
37%
Heath
37%
drinkin'
33%
Uh
33%
Shoreditch
30%
Hackney
26%
woah
26%
round
22%
ah-ah
7%
woah-ah-ah
4%
No matching quizzes found
Score Distribution
Percent of People with Each Score
Percentile by Number Answered
Your Score History
You have not taken this quiz